Vedecké práce Výskumného ústavu ovčiarskeho v Trenčíne

Bibliographic Details
Format: Serial
Language:Slovak
Russian
English
German
PhysicalDescription:zv. grafy, mp., tab.
Published: Bratislava SAV 1962-
ISBN:8007003002 (brož. : 15/1990)
Subjects:

MARC

LEADER 00000cas a2200000 a 4500
001 vtls008332956
003 SK-MaSNL
005 20260228155833.0
008 181128d19621990xo x| 000 b0slo
015 |a SKSNBA1970/07-01487-(1/1962)  |a SKSNBA1965/02-00341-(2/1964)  |a SKSNBA1966/10-01770-(3/1966)  |a SKSNBA1972/09-02298-(6/1972)  |a SKSNBA1974/10-02733-(7/1974)  |a SNBA1977-(8/1976)  |a SNBA1979-(9/1978)  |a SNBA1981/12-(10/1981)  |a SNBA1982/12-(11/1982)  |a SNBA1986/07-(12/1985)  |a SNBA1987/06-(13/1986)  |a SNBA1989/03-(14/1988)  |a SNBA1991/07-(15/1990) 
020 |a 8007003002 (brož. : 15/1990) 
040 |a SNK  |b slo  |c SNK  |e AACR2 
041 0 |a slo  |a rus  |a eng  |a ger  |b rus  |b ger  |b eng 
044 |a xo  |c SK 
072 7 |a 636  |x Chov a šľachtenie zvierat všeobecne. Chov hospodárskych zvierat. Chov domácich zvierat  |2 konspekt 
080 |a 636.32/.38  |2 2001 
080 |a (062.552)  |2 2001 
080 |a 050  |2 2001 
245 0 0 |a Vedecké práce Výskumného ústavu ovčiarskeho v Trenčíne 
260 |a Bratislava  |b SAV  |c 1962- 
300 |a zv.  |b grafy, mp., tab. 
310 |a Nepravidelne 
362 0 |a 1 (1962)-15 (1990) 
500 |a Súbež. názov rus., nem. a angl. 
500 |a Redaktori sa menia 
546 |a Res. rus., nem. a angl. 
550 |a Vyd. Výskum. ústav ovčiarsky, Trenčín vo Vyd. SAV 
650 0 7 |a ovčiarstvo  |2 SNKPH  |9 17572 
650 0 7 |a chov oviec  |2 SNKPH  |9 29711 
650 0 7 |a vedecké práce  |2 SNKPH  |9 62155 
655 7 |a zborníky  |2 SNKPH  |9 70165 
710 2 |a Výskumný ústav ovčiarsky (Trenčín, Slovensko)  |4 pbl  |9 56533 
910 |a snk 
916 |a 1962-1990 
919 |a 80-07-00300-2 
958 |a NB 
999 |c 714  |d 714 
952 |0 0  |1 0  |4 0  |7 0  |a SNK  |b SNK  |d 2012-05-10  |i snkKSP 10314/82  |l 0  |o snkČSC 1121/11/1982 D1  |p 17A7633246  |r 2026-02-21 20:30:04  |w 2026-02-21  |y PREZ 
952 |0 0  |1 0  |4 0  |7 0  |a SNK  |b SNK  |d 2001-10-01  |l 0  |o snkČSC 1121/9/1978 D1  |p 17A0317393  |r 2004-12-31 00:00:00  |w 2026-02-21  |y PREZ 
952 |0 0  |1 0  |4 0  |7 0  |a SNK  |b SNK  |d 2015-05-21  |f 1  |i snkKSP 4719/70  |l 0  |o snkČSC 1121/1/1962  |p 17A0813902  |r 2026-02-21 21:34:38  |w 2026-02-21  |y PREZ 
952 |0 0  |1 0  |4 0  |7 0  |a SNK  |b SNK  |d 2015-05-21  |f 1  |i snkKSP 194/65  |l 0  |o snkČSC 1121/2/1964  |p 17A0813903  |r 2026-02-21 21:34:38  |w 2026-02-21  |y PREZ 
952 |0 0  |1 0  |4 0  |7 0  |a SNK  |b SNK  |d 2015-05-21  |f 1  |i snkKSP 6431/66  |l 0  |o snkČSC 1121/3/1966  |p 17A0813904  |r 2026-02-21 21:34:39  |w 2026-02-21  |y PREZ 
952 |0 0  |1 0  |4 0  |7 0  |a SNK  |b SNK  |d 2015-05-21  |f 1  |i snkKSP 6522/68  |l 0  |o snkČSC 1121/4/1968  |p 17A0813905  |r 2026-02-21 21:34:39  |w 2026-02-21  |y PREZ 
952 |0 0  |1 0  |4 0  |7 0  |a SNK  |b SNK  |d 2015-05-21  |f 1  |i snkKSP 6211/70  |l 0  |o snkČSC 1121/5/1970  |p 17A0813906  |r 2026-02-21 21:34:39  |w 2026-02-21  |y PREZ 
952 |0 0  |1 0  |4 0  |7 0  |a SNK  |b SNK  |d 2015-05-21  |f 1  |i snkKSP 7160/72  |l 0  |o snkČSC 1121/6/1972  |p 17A0813907  |r 2026-02-21 21:34:39  |w 2026-02-21  |y PREZ 
952 |0 0  |1 0  |4 0  |7 0  |a SNK  |b SNK  |d 2015-05-21  |f 1  |i snkKSP 7045/74  |l 0  |o snkČSC 1121/7/1974  |p 17A0813908  |r 2026-02-21 21:34:39  |w 2026-02-21  |y PREZ 
952 |0 0  |1 0  |4 0  |7 0  |a SNK  |b SNK  |d 2015-05-21  |f 1  |i snkKSP 1113/77  |l 0  |o snkČSC 1121/8/1976  |p 17A0813909  |r 2026-02-21 21:34:39  |w 2026-02-21  |y PREZ 
952 |0 0  |1 0  |4 0  |7 0  |a SNK  |b SNK  |d 2015-05-21  |f 1  |i snkKSP 6579/78  |l 0  |o snkČSC 1121/9/1978  |p 17A0813910  |r 2026-02-21 21:34:39  |w 2026-02-21  |y PREZ 
952 |0 0  |1 0  |4 0  |7 0  |a SNK  |b SNK  |d 2015-05-21  |f 1  |i snkKSP 10182/81  |l 0  |o snkČSC 1121/10/1981  |p 17A0814023  |r 2026-02-21 21:34:39  |w 2026-02-21  |y PREZ 
952 |0 0  |1 0  |4 0  |7 0  |a SNK  |b SNK  |d 2015-05-21  |f 1  |i snkKSP 10313/82  |l 0  |o snkČSC 1121/11/1982  |p 17A0814024  |r 2026-02-21 21:34:39  |w 2026-02-21  |y PREZ 
952 |0 0  |1 0  |4 0  |7 0  |a SNK  |b SNK  |d 2015-05-21  |f 1  |i snkKSP 3754/86  |l 0  |o snkČSC 1121/12/1985  |p 17A0814025  |r 2026-02-21 21:34:39  |w 2026-02-21  |y PREZ 
952 |0 0  |1 0  |4 0  |7 0  |a SNK  |b SNK  |d 2015-05-21  |f 1  |i snkKSP 2781/87  |l 0  |o snkČSC 1121/13/1986  |p 17A0814026  |r 2026-02-21 21:34:39  |w 2026-02-21  |y PREZ 
952 |0 0  |1 0  |4 0  |7 0  |a SNK  |b SNK  |d 2015-05-21  |f 1  |i snkKSP 1168/89  |l 0  |o snkČSC 1121/14/1988  |p 17A0814027  |r 2026-02-21 21:34:39  |w 2026-02-21  |y PREZ 
952 |0 0  |1 0  |4 0  |7 0  |a SNK  |b SNK  |d 2015-05-21  |f 1  |i snkKSP 4975/91  |l 0  |o snkČSC 1121/15/1990  |p 17A0814028  |r 2026-02-21 21:34:39  |w 2026-02-21  |y PREZ